000 00388nam a22001697a 4500
005 20160628164944.0
008 160628b xxu||||| |||| 00| 0 eng d
020 _a0-00-730743-2
041 _aeng
082 _b10961
100 _aAriely, Dan
_91999
245 _aPradictably Irrational
260 _bHarper Collins
_c2008
300 _a244
650 _aManagement
_9241
942 _cBK
999 _c4564
_d4562